Rusofobija 2.0 bolezň ili oružije Zapada?

Gespeichert in:
Bibliographische Detailangaben
1. Verfasser: Kjeza, Džulietto
Format: Buch
Sprache:Russisch
Veröffentlicht: Moskva Izdateľstvo "E" 2016
Schriftenreihe:Aktuaľnaja tema
Schlagworte:
Tags: Tag hinzufügen
Keine Tags, Fügen Sie das erste Tag hinzu!

MARC

LEADER 00000nam a2200000 4500
001 0222839
005 20240314103528.1
020 |a 978-5-699-87253-4 
041 0 |a rus 
044 |a RU 
245 1 0 |a Rusofobija 2.0  |b bolezň ili oružije Zapada?  |c Džulietto Kjeza 
264 1 |a Moskva  |b Izdateľstvo "E"  |c 2016 
300 |a 283 s. 
490 1 |a Aktuaľnaja tema 
830 0 |a Aktuaľnaja tema 
610 2 0 |a politika medzinárodná 
610 2 0 |a politika svetová 
610 2 0 |a vzťahy politické medzinárodné 
610 2 0 |a islam 
610 2 0 |a Rusko 
100 1 |a Kjeza, Džulietto